College Basketball Division Championships 2017 - Statistics

General Stats
  • This quiz has been taken 28 times
  • The average score is 11 of 32
Answer Stats
Hint Answer % Correct
ACC Duke
100%
Big Ten Michigan
81%
SEC Kentucky
70%
Pac-12 Arizona
63%
Big 12 Iowa St
59%
Ivy League Princeton
59%
West Coast Gonzaga
56%
Big East Villanova
52%
Mountain West Nevada
41%
Big Sky North Dakota
37%
AAC SMU
37%
Atlantic 10 Rhode Island
33%
Summit South Dakota St
33%
American East Vermont
33%
Missouri Valley Wichita St
33%
MAC Kent St
30%
MEAC N.C. Central
26%
Patriot Bucknell
22%
Atlantic Sun FGCU
22%
MAAC Iona
22%
Sun Belt Troy
22%
Big South Winthrop
22%
Horizon Northern Kentucky
19%
SWAC Texas Southern
19%
Ohio Valley Jacksonville St
15%
Northeast Mt. St. Mary's
15%
WAC New Mexico St
15%
Southland New Orleans
15%
Big West UC Irvine
15%
Conference USA Middle Tennessee
11%
Colonial UNC Wilmington
11%
Southern E. Tennessee St
4%
No matching quizzes found
Score Distribution
Percent of People with Each Score
Percentile by Number Answered
Your Score History
You have not taken this quiz